Atkins' Physical chemistry (Record no. 3317)

000 -LEADER
fixed length control field 00619nam a2200217 a 4500
001 - CONTROL NUMBER
control field 3317
003 - CONTROL NUMBER IDENTIFIER
control field BD-DhUET
008 - FIXED-LENGTH DATA ELEMENTS--GENERAL INFORMATION
fixed length control field 020621s2002 enka b 001 0 eng
020 ## - INTERNATIONAL STANDARD BOOK NUMBER
International Standard Book Number 0199255792
040 ## - CATALOGING SOURCE
Original cataloging agency UKM
Transcribing agency UKM
Modifying agency BD-DhUET
082 00 - DEWEY DECIMAL CLASSIFICATION NUMBER
Classification number 541
Item number ATK/2002
100 ## - MAIN ENTRY--PERSONAL NAME
Personal name Atkins, Peter
245 10 - TITLE STATEMENT
Title Atkins' Physical chemistry
Statement of responsibility, etc. by Peter Atkins and Julio De Pauls
250 ## - EDITION STATEMENT
Edition statement 7th ed.
260 ## - PUBLICATION, DISTRIBUTION, ETC. (IMPRINT)
Place of publication, distribution, etc. New York
Name of publisher, distributor, etc. Oxford University Press,
Date of publication, distribution, etc. 2002.
300 ## - PHYSICAL DESCRIPTION
Extent xxi, 1149 p.
Other physical details ill. ;
Dimensions 28 cm.
504 ## - BIBLIOGRAPHY, ETC. NOTE
Bibliography, etc Includes bibliographies
650 #0 - SUBJECT ADDED ENTRY--TOPICAL TERM
Topical term or geographic name as entry element Chemistry, Physical and theoretical.
700 1# - ADDED ENTRY--PERSONAL NAME
Personal name De Paula, Julio.
942 ## - ADDED ENTRY ELEMENTS (KOHA)
Koha item type General Book
Holdings
Koha normalized classification for sorting Source of classification or shelving scheme Piece designation (barcode) Koha item type Koha out on loan Copy number Koha issues (times borrowed) Koha date last seen Not for loan Location (home branch) Shelving location Damaged status Date acquired Koha full call number Lost status Sublocation or collection (holding branch) Price effective from Koha date last borrowed Withdrawn status
541ATK2002 96428General Book2026-04-25152026-04-11 Central Library, BUETCirculation section 2014-10-26541/ATK/2002 Central Library, BUET2014-10-262026-04-11 
541ATK2002 96430General Book 232026-01-04 Central Library, BUETCirculation section 2014-10-26541/ATK/2002 Central Library, BUET2014-10-262025-12-13 
541_000000000000000_ATK_2002 96427Reading Item 3 2015-07-02 Central Library, BUETReading section 2015-07-02541/ATK/2002 Central Library, BUET2015-07-02  
541_000000000000000_ATK_2002 96429General Book2025-10-20432024-10-20 Central Library, BUETCirculation section 2002-04-16541/ATK/2002 Central Library, BUET2017-11-042024-10-20